Alberto Julián Pérez : [interview].

Esteban Peicovich interviews Alberto Julián Pérez, who was born in Rosario, in the province of Santa Fe, Argentina where he received his teaching certification in literature and lived until the age of 27. He worked as a translator in Chicago, Illinois and later received his doctorate at New York Uni...

Full description

Bibliographic Details
Corporate Author: Texas A & M University. Libraries
Other Authors: Peicovich, Esteban (Interviewer)
Format: CD Audio Book
Language:Spanish
Published: [Place of publication not identified] : [publisher not identified] ; [2007]
Series:Colección Los Palabristas ; 278.
Subjects:

MARC

Tag First Indicator Second Indicator Subfields
LEADER 00000cim a2200000Ia 4500
001 in00002742921
005 20151202151922.0
007 sd fungnn|||ee
008 120323s2007 txunnnn t n spa d
035 |a (OCoLC)ocn781435473 
035 |a (OCoLC)781435473 
040 |a TXA  |c TXA  |d UtOrBLW 
043 |a s-ag---  |a n-us-tx 
049 |a TXAM 
090 |a PQ7081.A1  |b C54 2007 no. 278 
100 1 |a Pérez, Alberto Julián,  |e interviewee. 
245 1 0 |a Alberto Julián Pérez :  |b [interview]. 
264 1 |a [Place of publication not identified] :  |b [publisher not identified] ;  |c [2007] 
300 |a 1 sound disc :  |b digital ;  |c 4 3/4 in. 
336 |a spoken word  |b spw  |2 rdacontent 
337 |a audio  |b s  |2 rdamedia 
338 |a audio disc  |b sd  |2 rdacarrier 
490 1 |a Colección Los Palabristas ;  |v 278 
511 0 |a Interviewer, Esteban Peicovich ; interviewee, Alberto Julián Pérez. 
500 |a Recordable compact disc. 
518 |a Originally broadcast from Buenos Aires, Argentina as a segment of the radio program Los Palabristas. 
520 |a Esteban Peicovich interviews Alberto Julián Pérez, who was born in Rosario, in the province of Santa Fe, Argentina where he received his teaching certification in literature and lived until the age of 27. He worked as a translator in Chicago, Illinois and later received his doctorate at New York Univeristy. He has taught at a small college in New Hampshire and at Michigan State Univeristy, and is currently teaching at Texas Tech University in Lubbock, TX. Pérez discusses what he likes to teach most, including certain writers such as Ruben Dario, Pablo Neruda, Cesar Vallejo, and Carlos German Belli. He talks about his particular interest and admiration for the Argentine poet that is better known as Almafuerte. Pérez has recently published a compilation of essays on Latin American Literature entitled Modernismo, vanguardia, postmodernidad. Other works Pérez has published include the following: Poetica de la prosa de Jorge Luis Borges (1986), La poetica de Ruben Dario: Crisis post-romantica y los modelos literarios modernistas (1992), and La mafia en Nueva York (1982), none of which are discussed. Throughout Peicovich and Pérez exchange the quotes of several writers including Allen Ginsberg, Sigmund Freud, and Juan Luis Borges. 
534 |p Reproduction.  |a Pérez, Alberto Julián.  |t Alberto Julián Pérez.  |c [1997]  |e 1 sound cassette : analog. 
500 |a Converted with permission from sound cassette to compact disc by the Texas A&M University Libraries. 
500 |a Sound recording. 
600 1 0 |a Pérez, Alberto Julián  |v Interviews. 
650 0 |a College teachers  |z Texas  |v Interviews. 
650 0 |a Authors, Argentine  |v Interviews. 
650 0 |a Poets, Argentine  |v Interviews. 
655 7 |a Radio interviews.  |2 lcgft 
655 7 |a Literary readings (Radio programs)  |2 lcgft 
700 1 |a Peicovich, Esteban,  |e host,  |e interviewer. 
710 2 |a Texas A & M University.  |b Libraries. 
730 0 |a Palabristas. 
830 0 |a Colección Los Palabristas ;  |v 278. 
948 |a cataloged  |b h  |c 2012/3/23  |d o  |e jgreene  |f 10:22:42 am 
994 |a C0  |b TXA 
999 |a MARS 
999 f f |s db78da32-d1c0-3939-adfb-8d666b36f043  |i d7cbe6b3-169a-3c8f-8b9b-3d2eeeb796b8  |t 0 
952 f f |p noncirc  |a Texas A&M University  |b College Station  |c Cushing Memorial Library & Archives  |d Cushing: Area Studies/Hispanic (Does not check out)  |t 0  |e PQ7081.A1 C54 2007 no. 278  |h Library of Congress classification  |i audio -- audio disc  |m A14837880470 
998 f f |a PQ7081.A1 C54 2007 no. 278  |t 0  |l Cushing: Area Studies/Hispanic (Does not check out)